Floridský Slovák

Bibliographic Details
Format: Journal
Language:Slovak
English
Published: Maitland Winter Park Floridský Slovák ?1952-?1992
Subjects:

MARC

LEADER 00000cas a2200000 a 4500
001 vtls001222892
003 SK-MaSNL
005 20260228162023.0
008 180129d19521992xxuzx|p r 0 0b0slo
035 |a SNK000168656 
040 |a SNK  |b slo  |c SNK  |e AACR2 
041 0 |a slo  |a eng 
044 |a xxu  |c US 
080 |a 323.1  |2 2011 
080 |a 050  |2 2001 
245 0 0 |a Floridský Slovák 
246 1 1 |a Floridian Slovak 
260 |a Maitland  |a Winter Park  |b Floridský Slovák  |c ?1952-?1992 
310 |a Nepravidelne 
362 0 |a 1952-1980, 1983-1986, 1988-1995  |z BA001 
546 |a Text aj v angl. 
650 0 7 |a Slováci v zahraničí  |2 SNKPH  |9 14695 
655 7 |a krajanské periodiká  |2 SNKPH  |9 110004 
850 |a Slovenská národná knižnica v Martine 
910 |a snk 
999 |c 6503  |d 8433 
952 |0 0  |1 0  |4 0  |7 0  |a SNK  |b SNK  |d 1996-11-12  |l 0  |o snkČSB 1686/32/1983  |r 2005-01-01 00:00:00  |w 2026-02-21  |y PREZ 
952 |0 0  |1 0  |4 0  |7 0  |8 2  |a SNK  |b SNK  |d 1996-11-12  |i snkV 2074/96  |l 0  |o snkČSB 1686/32/1983 D1  |p 17A0017494  |r 2005-01-01 00:00:00  |w 2026-02-21  |y PREZ 
952 |0 0  |1 0  |4 0  |7 0  |a SNK  |b SNK  |d 2000-01-11  |l 0  |o snkČSB 1686/34/1985  |r 2005-01-01 00:00:00  |w 2026-02-21  |y PREZ 
952 |0 0  |1 0  |4 0  |7 0  |8 2  |a SNK  |b SNK  |d 2000-01-11  |i snkV 2075/96  |l 0  |o snkČSB 1686/34/1985 D1  |p 17A0017492  |r 2005-01-01 00:00:00  |w 2026-02-21  |y PREZ 
952 |0 0  |1 0  |4 0  |7 0  |8 2  |a SNK  |b SNK  |d 2000-01-11  |i snkV 2076/96  |l 0  |o snkČSB 1686/35/1986  |p 17A0017493  |r 2005-01-01 00:00:00  |w 2026-02-21  |y PREZ 
952 |0 0  |1 0  |4 0  |7 0  |8 2  |a SNK  |b SNK  |d 2000-01-11  |i snkV 1884/97  |l 0  |o snkČSB 1686/35/1986 D1  |p 17A0069072  |r 2005-01-01 00:00:00  |w 2026-02-21  |y PREZ 
952 |0 0  |1 0  |4 0  |7 0  |a SNK  |b SNK  |d 2000-01-11  |l 0  |o snkČSB 1686/40/1992  |r 2005-01-01 00:00:00  |w 2026-02-21  |y PREZ 
952 |0 0  |1 0  |4 0  |7 0  |8 2  |a SNK  |b SNK  |d 2000-01-11  |i snkV 1878/96  |l 0  |o snkČSB 1686/40/1992 D1  |p 17A0013814  |r 2005-01-01 00:00:00  |w 2026-02-21  |y PREZ 
952 |0 0  |1 0  |4 0  |7 0  |8 3  |a SNK  |b SNK  |d 2000-01-11  |g 1.00  |i snkK 1485/99  |l 0  |o snkČSB 1686/10/1962  |p 17A0222022  |r 2005-01-01 00:00:00  |w 2026-02-21  |y PREZ 
952 |0 0  |1 0  |4 0  |7 0  |a SNK  |b SNK  |d 2003-01-07  |l 0  |o snkČSB 1686/16/1968  |p 17A0360021  |r 2005-01-01 00:00:00  |w 2026-02-21  |y PREZ